| 000 | 00421nam a2200109Ia 4500 | ||
|---|---|---|---|
| 008 | 160531s9999 xx 000 0 und d | ||
| 100 | _aRathmell, James P. | ||
| 245 | _aStoelting’s Handbook Of Pharmacology And Physiology In Anesthetic Practice, Third Edition | ||
| 245 | _cBy:James P. Rathmell, Robert Stoelting, Steven Shafer | ||
| 260 | _c2015 | ||
| 856 | _uhttp://file.ebook777.com/StoHanOfPhaAndPhyInAnePraThiEdi.pdf | ||
| 999 |
_c295343 _d295343 |
||